Statistics for Doctor Who, Tenth Doctor (1)

Click here to take the quiz!

General Stats

  • This quiz has been taken 1,513 times
  • The average score is 17 of 27

Answer Stats

HintAnswer% Correct
Did "Doomsday" make you cry? (yes/no)don't lie to me, it did
88%
Which old companion from Classic Who does the Doctor meet in the school?Sarah Jane Smith
83%
What animal follows the Doctor around on the spaceship in "The Girl in the Fireplace"?a horse
79%
What is it about his appearance/body that the tenth Doctor finds "weird" upon regenerating?new teeth
78%
What are the alien servants on the impossible planet called?Ood
73%
Through which device are people's faces stolen?television
72%
What are the ghosts?Cybermen
72%
What food in "School Reunion" is fed to the students to make them more intelligent?chips
70%
What phrase does Rose try to get Queen Victoria to say as part of a ten quid bet with the Doctor?"We are not amused."
69%
Who orders the destruction of the Sycorax ship?Harriet Jones, Prime Minister (yes, we know who she is)
69%
Who carries the 2012 Olympic torch in the episode?the Doctor
67%
The Doctor tells the beast in the pit that he has faith in one thing. What is it?Rose
67%
What is the so-called Impossible Planet orbiting around?a black hole
64%
How many "New"s are there actually in New New (...) York?15
64%
What does the Doctor need Jackie to do while he's having a neural implosion?shut up
62%
Where do Rose and the Doctor reunite after Rose is trapped in the parallel universe?Bad Wolf Bay
62%
What do Rose and the Doctor pose as at Jackie's birthday party in the parallel universe?waiters
60%
Who does Jackie think the "ghost" in her kitchen is?her father
59%
What is within the Void Ship?Daleks
58%
In "Fear Her," what do Chloe and her mother do to get rid of the reanimated version of Chloe's abusive father?sing
52%
And to what cult to they belong?The Cult of Skaro
50%
During which big event is "The Idiot's Lantern" set?the Queen's coronation
47%
When Jackie and Mickey meet the tenth Doctor for the first time, he has something important to tell them. What is it?Merry Christmas
45%
In "Tooth and Claw," what plant keeps the werewolf at bay?mistletoe
42%
Who has been reporting to the resistance gang, The Preachers, while working for John Lumic?Pete Tyler
39%
While possessing the Doctor, Cassandra says that he is "Slim, and a little bit ____."foxy
38%
What have the Clockwork Robots been scanning Madame de Pompadour's brain for, precisely? What are they looking to find?her age
32%

Score Distribution

Percentile by Number Answered

Percent of People with Each Score

Your Score History

You have not taken this quiz